| 000 | 00790nam a2200205 i 4500 | ||
|---|---|---|---|
| 001 | 189514 | ||
| 003 | ES-MaACL | ||
| 005 | 20230906223506.0 | ||
| 007 | t| | ||
| 008 | 190606s1946 sp r ||||1| spa d | ||
| 100 | 1 |
_aMartín Bolaños, Manuel. _977421 |
|
| 245 | 1 | 0 |
_aImpresiones comentadas sobre los eucaliptos de Sierra Cabello / _cpor Manuel Martín Bolaños. |
| 260 |
_aMadrid : _bInstituto Forestal de Investigaciones y Experiencias, _c1946. |
||
| 300 |
_a64 p., [14] h. de lám. pleg. ; _c24 cm. |
||
| 490 | 1 |
_aInstituto Forestal de Investigaciones y Experiencias ; _vAño XVII, nº 32 |
|
| 650 | 4 |
_aEucaliptos. _9167289 |
|
| 830 | 0 |
_aInstituto Forestal de Investigaciones y Experiencias ; _vAño XVII, nº 32 _9181435 |
|
| 852 |
_aES-MaACL _jP-569-Bis-19 |
||
| 999 |
_c189514 _d189514 |
||